Blue-Colored Marvel Heroes by Picture - Statistics

General Stats
  • This quiz has been taken 26 times
  • The average score is 21 of 34
Answer Stats
Picture Answer % Correct
Captain America
100%
Human Torch
96%
Invisible Woman
96%
Mr. Fantastic
96%
Ms. Marvel
96%
Beast
92%
Nightcrawler
92%
Cable
88%
Cyclops
88%
U.S. Agent
88%
Nick Fury
80%
Quicksilver
80%
Yondu
80%
Valkyrie
76%
Nova
72%
Spider-Man 2099
72%
Bishop
64%
Ikaris
60%
Shuri
60%
Union Jack
60%
Moon Girl
52%
Flat Man
48%
Mr. Immortal
48%
Aurora
44%
Kahhori
36%
Snowbird
36%
Starhawk
36%
Lionheart
32%
Martinex
32%
Major Victory
28%
Mass Master
28%
Fredzilla
24%
Gravity
16%
Silhouette
12%
No matching quizzes found
Score Distribution
Percent of People with Each Score
Percentile by Number Answered
Your Score History
You have not taken this quiz